<?xml version="1.0" encoding="UTF-8"?>
<record
    xmlns:xsi="http://www.w3.org/2001/XMLSchema-instance"
    xsi:schemaLocation="http://www.loc.gov/MARC21/slim http://www.loc.gov/standards/marcxml/schema/MARC21slim.xsd"
    xmlns="http://www.loc.gov/MARC21/slim">

  <leader>03006nam a2200325 i 4500</leader>
  <controlfield tag="003">CSPC</controlfield>
  <controlfield tag="005">20240828134556.0</controlfield>
  <controlfield tag="008">220811t        xxu||||| |||| 00| 0 eng d</controlfield>
  <datafield tag="040" ind1=" " ind2=" ">
    <subfield code="c">CSPC</subfield>
  </datafield>
  <datafield tag="090" ind1=" " ind2=" ">
    <subfield code="a">UTH BLIS Se84r 2021</subfield>
  </datafield>
  <datafield tag="100" ind1=" " ind2=" ">
    <subfield code="a">Sevilla, Jeniffer R.,</subfield>
    <subfield code="e">author</subfield>
  </datafield>
  <datafield tag="245" ind1="0" ind2="0">
    <subfield code="a">Reference selection and utilization of Camarines Sur Polytechnic Colleges faculty in syllabus making /</subfield>
    <subfield code="c">Sevilla, Jeniffer R.,  Panugao, Jessel B.,  Layderos, Karlyn P.,  Alba, Marinelle M.,</subfield>
  </datafield>
  <datafield tag="260" ind1=" " ind2=" ">
    <subfield code="a">Nabua, Camarines Sur :</subfield>
    <subfield code="b">Camarines Sur Polytechnic Colleges ;</subfield>
    <subfield code="c">2021.</subfield>
  </datafield>
  <datafield tag="300" ind1=" " ind2=" ">
    <subfield code="a">104 leaves</subfield>
  </datafield>
  <datafield tag="336" ind1=" " ind2=" ">
    <subfield code="2">rdacontent</subfield>
    <subfield code="a">text</subfield>
  </datafield>
  <datafield tag="337" ind1=" " ind2=" ">
    <subfield code="2">rdamedia</subfield>
    <subfield code="a">unmediated</subfield>
  </datafield>
  <datafield tag="338" ind1=" " ind2=" ">
    <subfield code="2">rdacarrier</subfield>
    <subfield code="a">volume</subfield>
  </datafield>
  <datafield tag="502" ind1=" " ind2=" ">
    <subfield code="a">Undergraduate Thesis (BLIS) - Library and Information Science.</subfield>
    <subfield code="c">Camarines Sur Polytechnic Colleges, 2021.</subfield>
  </datafield>
  <datafield tag="504" ind1=" " ind2=" ">
    <subfield code="a">Includes bibliographical references.</subfield>
  </datafield>
  <datafield tag="520" ind1="3" ind2=" ">
    <subfield code="a">Education encompasses a vast selection of academic disciplines; arts and sciences. It serves as an effective tool for self-innovation; people who want to explore and are prepared to face the challenges that will arise on their journey. It favors potential and improves the utilization of individual or group resources in the teaching learning process. This study has been conducted to determine reference selection and utilization of Camarines Sur Polytechnic Colleges' faculty in syllabus-making. The researchers used survey questionnaire through Google Forms to collect the data needed. This descriptive-correlational study's initial goal was to determine, interpret, and evaluate the practices of faculty when it comes to selection and utilization of references for syllabus-making. The respondents of this study are 81 faculty members of the Camarines Sur Polytechnic Colleges. This study was carried out so that the researchers would know how the references are selected and what strategies the faculty does to effectively render the knowledge intended for their students. As results were analyzed, it showed that faculty-respondents chose references that are relevant to students' academic demands and utilizes those references during discussions to give reliable and clear explanation of the course. Moreover, the respondents' selection and utilization of references in syllabus-making does not vary in terms of gender, age, years in service and college. The research will benefit the academe, professors, students, and future researchers by expanding their knowledge of the subject, for effectiveness in the teaching and learning process and also a tool for expanding one's knowledge and learning. </subfield>
  </datafield>
  <datafield tag="700" ind1="1" ind2=" ">
    <subfield code="a">Panugao, Jessel B.,</subfield>
    <subfield code="e">author</subfield>
  </datafield>
  <datafield tag="700" ind1="1" ind2=" ">
    <subfield code="a">Layderos, Karlyn P.,</subfield>
    <subfield code="e">author</subfield>
  </datafield>
  <datafield tag="700" ind1="1" ind2=" ">
    <subfield code="a">Alba, Marinelle M.,</subfield>
    <subfield code="e">author</subfield>
  </datafield>
  <datafield tag="720" ind1=" " ind2=" ">
    <subfield code="a">Sias, James Nicolo SJ.,</subfield>
    <subfield code="e">adviser.</subfield>
  </datafield>
  <datafield tag="720" ind1=" " ind2=" ">
    <subfield code="a">Alegre, Amy A.,</subfield>
    <subfield code="e">panelist, chairman.</subfield>
  </datafield>
  <datafield tag="720" ind1=" " ind2=" ">
    <subfield code="a">Volante, Mildred A.,</subfield>
    <subfield code="e">panelist.</subfield>
  </datafield>
  <datafield tag="720" ind1=" " ind2=" ">
    <subfield code="a">Regaspi, Jean Maricon D.,</subfield>
    <subfield code="e">panelist.</subfield>
  </datafield>
  <datafield tag="942" ind1=" " ind2=" ">
    <subfield code="2">ddc</subfield>
    <subfield code="c">UM</subfield>
    <subfield code="h">Se84r</subfield>
    <subfield code="i">BLIS</subfield>
    <subfield code="k">UTH</subfield>
    <subfield code="m">2021</subfield>
  </datafield>
  <datafield tag="952" ind1=" " ind2=" ">
    <subfield code="0">0</subfield>
    <subfield code="1">0</subfield>
    <subfield code="2">ddc</subfield>
    <subfield code="4">0</subfield>
    <subfield code="7">0</subfield>
    <subfield code="a">CSPC</subfield>
    <subfield code="b">CSPC</subfield>
    <subfield code="c">UTH</subfield>
    <subfield code="d">2024-08-27</subfield>
    <subfield code="l">0</subfield>
    <subfield code="o">UTH BLIS Se84r 2021</subfield>
    <subfield code="p">5639UM</subfield>
    <subfield code="r">2024-08-27 00:00:00</subfield>
    <subfield code="w">2024-08-27</subfield>
    <subfield code="y">UM</subfield>
  </datafield>
  <datafield tag="999" ind1=" " ind2=" ">
    <subfield code="c">12229</subfield>
    <subfield code="d">12229</subfield>
  </datafield>
</record>
